| 000 | 00850nam a2200265Ia 4500 | ||
|---|---|---|---|
| 001 | 21790 | ||
| 005 | 20260320113313.0 | ||
| 008 | 260320s9999||||xx |||||||||||||| ||und|| | ||
| 020 | _a9789972633300 | ||
| 041 | _aESP | ||
| 082 |
_a985.04 _bL87 |
||
| 100 |
_aLópez Martínez, Héctor, _eAUT |
||
| 245 | 0 |
_aTiempo de Bolívar. La Campaña de Ayacucho _b |
|
| 246 |
_a _5 _b |
||
| 250 | _aPrimera edición | ||
| 260 |
_aLima : _bInstituto de Estudios Histórico-Marítimos del Perú, _c2025 |
||
| 300 |
_a318 páginas : _bláminas, ilustraciones ; _c24 cm. _e |
||
| 440 |
_a _n _v |
||
| 650 | _aHIS | ||
| 653 | _aAyacucho, Batalla de, 1824; Perú - Historia - Emancipación, 1808-1824 | ||
| 654 | _aCHU | ||
| 700 |
_a _c |
||
| 856 |
_uhttps://www-jstor-org.ucsp.lookproxy.com/ _zVéase además: Base de datos JSTOR |
||
| 942 |
_cLIB _dJUS _fMAT _2ddc _n |
||
| 999 |
_c21790 _d21790 |
||